Anthropological theory : a sourcebook

Αποθηκεύτηκε σε:
Λεπτομέρειες βιβλιογραφικής εγγραφής
Μορφή: Βιβλίο
Γλώσσα:English
Δημοσίευση: New Brunswick ; London : Aldine Transaction, 2007.
Θέματα:
Ετικέτες: Προσθήκη ετικέτας
Δεν υπάρχουν, Καταχωρήστε ετικέτα πρώτοι!

MARC

LEADER 00000cam a2200000 a 4500
001 1/106486
008 150525r20071968xxu| ||| |||| ||eng||
020 |a 9780202361338  
020 |a 0202361330 
040 |a GR-MyUa  |b gre  |c GR-MyUa  |e AACR2 
041 0 |a eng 
082 7 |a 306   |2 (23) 
245 0 0 |a Anthropological theory :   |b a sourcebook /   |c Robert A. Manners; David Kaplan, editors.  
260 |a New Brunswick ;   |a London :   |b Aldine Transaction,   |c 2007.  
300 |a xii, 578 σ.   |c 26 εκ.  
500 |a Η αρχική έκδοση είχε τιτλο: Theory in anthropology: a sourcebook. Chicago, Aldine Pub. Co., [1968]. 
504 |a Περιλαμβάνει βιβλιογραφία και ευρετήριο.  
650 0 |a Anthropology. 
852 |a INST  |b LESVOS  |e 20150525  |h 306 ΑΝΤ  |p 005100056634  |q 005100056634  |t BK  |y 0 
970 |a Τζαφέρη  |b Ευαγγελία  |z 23-05-2015